Govt. of
Madhya Pradesh

Perspective on Personality (Record no. 40333)

MARC details
000 -LEADER
fixed length control field 004500000a22001810004500
003 - CONTROL NUMBER IDENTIFIER
control field MACL
005 - DATE AND TIME OF LATEST TRANSACTION
control field 20151219132037.0
008 - FIXED-LENGTH DATA ELEMENTS--GENERAL INFORMATION
fixed length control field 151219b xxu||||| |||| 00| 0 eng d
040 ## - CATALOGING SOURCE
Original cataloging agency MACL
Transcribing agency MACL
041 ## - LANGUAGE CODE
Language code of text/sound track or separate title English
082 ## - DEWEY DECIMAL CLASSIFICATION NUMBER
Classification number 158.1/CAR
100 ## - MAIN ENTRY--PERSONAL NAME
Personal name Carver, Charles S
9 (RLIN) 21316
245 ## - TITLE STATEMENT
Title Perspective on Personality
260 ## - PUBLICATION, DISTRIBUTION, ETC. (IMPRINT)
Name of publisher, distributor, etc. Allyn and Bacon
Date of publication, distribution, etc. 1996
Place of publication, distribution, etc. America
350 ## - PRICE (NR) (BK AM CF MU VM SE) [OBSOLETE]
Price 3373
650 ## - SUBJECT ADDED ENTRY--TOPICAL TERM
Topical term or geographic name as entry element Psychology
9 (RLIN) 334
942 ## - ADDED ENTRY ELEMENTS (KOHA)
Koha item type Books
Call number prefix 158.1/CAR
Source of classification or shelving scheme
Holdings
Withdrawn status Lost status Source of classification or shelving scheme Damaged status Not for loan Home library Current library Date acquired Cost, normal purchase price Full call number Barcode Date last seen Uniform Resource Identifier Price effective from Koha item type
          MACL MACL 15/04/2015 3373.00 158.1/CAR RBKS GRB000920 29/04/2015 40579 15/04/2015 Books